01147naa#a2200193#i#4500001001500000005001700015100004100032102000700073200026200080210016900342215001000511608006000521675017600581700003200757700003000789700005200819700006400871856001800935RU\\bibl\2028120260701143535.3##a20260630b2026####ek#y0rusy0150####ca##aRU1#aПРЕДПРОЕКТНОЕ ОБСЛЕДОВАНИЕ ФУНКЦИОНИРОВАНИЯ ДИСПЕТЧЕРСКОЙ СЛУЖБЫ ПРЕДПРИЯТИЯ ТЕПЛОЭНЕРГЕТИЧЕСКОГО КОМПЛЕКСАeСтатья/тезисы конференции1#aВоронежcВоронежский государственный лесотехнический университет имени Г.Ф. Морозоваd2026##a9 с.##aСтатья/тезисы конференции2local##aИнформационные технологии. Компьютерные технологии. Теория вычислительных машин и систем. 004#1aСлепченкоgВ. Ю.#1aСазоноваgС. А.#1aАсмининgВиктор Федорович#1aВолодкинgДмитрий Александрович4#abibl.vgltu.ru